| 000 | 00560nam a2200145 a 4500 | ||
|---|---|---|---|
| 001 | 000023909 | ||
| 005 | 20200930022549.0 | ||
| 008 | 110117s1997 dr 000 0 spa d | ||
| 040 |
_aDO-SdBNP _bspa _cBNPHU |
||
| 110 | 2 |
_aRepública Dominicana _9447 |
|
| 240 | 1 | 0 | _a[Leyes etc.] |
| 245 | 1 | 0 | _aLey 3143, trabajos realizados y no pagado y no realizados del 11 de diciembre de 1951 G.O No. 7363 y juriprudencias del trabajo conforme a las diposiciones del nuevo código laboral. |
| 260 |
_aSanto Domingo : _b[Congreso Nacional], _c1997. |
||
| 300 |
_a12 p. ; _c21 cm. |
||
| 999 |
_c23405 _d23405 |
||